El Jackson granadino : (Record no. 63561)

MARC details
000 -LEADER
fixed length control field 00667cam a2200193 a 4500
008 - FIXED-LENGTH DATA ELEMENTS--GENERAL INFORMATION
fixed length control field 030527s2000 ve 000 0dspa u
020 ## - INTERNATIONAL STANDARD BOOK NUMBER
International Standard Book Number 9802928035
050 #0 - LIBRARY OF CONGRESS CALL NUMBER
Classification number F2276 .O22
Item number S26 2000
100 1# - MAIN ENTRY--PERSONAL NAME
Personal name Sant Roz, José
245 13 - TITLE STATEMENT
Title El Jackson granadino :
Remainder of title José María Obando : recuento político-religioso del asesinato de Sucre /
Statement of responsibility, etc José Sant Roz.
260 ## - PUBLICATION, DISTRIBUTION, ETC. (IMPRINT)
Place of publication, distribution, etc Mérida, Venezuela :
Name of publisher, distributor, etc Kariña Editores,
Date of publication, distribution, etc 2000.
300 ## - PHYSICAL DESCRIPTION
Extent 470 p. ;
Dimensions 22 cm.
500 ## - GENERAL NOTE
General note Incluye índice
600 14 - SUBJECT ADDED ENTRY--PERSONAL NAME
Personal name Obando, José María,
Dates associated with a name 1795-1861
600 14 - SUBJECT ADDED ENTRY--PERSONAL NAME
Personal name Sucre, Antonio José de,
Dates associated with a name 1795-1830
651 #4 - SUBJECT ADDED ENTRY--GEOGRAPHIC NAME
Geographic name Colombia
General subdivision Historia
Chronological subdivision 1822-1832
942 ## - ADDED ENTRY ELEMENTS (KOHA)
Source of classification or shelving scheme Biblioteca del Cogreso de los Estados Unidos
Koha item type Libro
Holdings
Estado de pérdida Fuente de clasificación Estado del daño No para préstamo Ubicación permanente Ubicación actual Apartado o colección Fecha de adquisición Edición Dependencia de educación superior (DES) Área del conocimiento Clasificación Código de Barras Date last seen Número de copia Tipo de recurso
  Biblioteca del Cogreso de los Estados Unidos     Biblioteca del Instituto de Investigaciones Históricas Biblioteca del Instituto de Investigaciones Históricas General 07/08/2018 1a ed. Humanidades Ciencias Sociales y Administrativas F2276 .O22 S26 2000 IIH000022961 07/08/2018 C:1 Libro